| 000 | 00579nam a2200217Ia 4500 | ||
|---|---|---|---|
| 003 | OSt | ||
| 005 | 20220926020003.0 | ||
| 006 | a|||||r|||| 00| 0 | ||
| 007 | ta | ||
| 008 | 220923b |||||||| |||| 00| 0 eng d | ||
| 037 | _cGeneral Book | ||
| 040 |
_aRTL _cRTL _beng |
||
| 041 |
_2eng _aeng |
||
| 082 | _aX:74, JO | ||
| 100 |
_aEastey J A _9323433 |
||
| 245 | 0 | _aBusiness cycles,their nature,caces,and control | |
| 260 |
_aNew York _bPrentice hall _c1950 |
||
| 300 |
_a527 _ccm. |
||
| 942 |
_hX:74, JO _cGB _2CC |
||
| 999 |
_c632951 _d632951 |
||